=LDR 00000nam 2200000 4500 =001 INLIS000000000000684 =005 20130612085123 =008 ***********************************Ind** =035 ##$$0010-061300000000684 =041 ##$$a Ind =082 ##$$a 92(Prawirodiharjo) =090 ##$$a 92(Prawirodiharjo), Sug-t =100 ##$$a Sugito, AT =245 ##$$a Tartib Prawirodiharjo, hasil karya dan pengabdiannya, AT. Sugito =260 ##$$a 1983 $b Jakarta =300 ##$$a 116 hlm, ilus, 21 cm =650 ##$$a Prawirodiharjo, Tartib, 1912-1971 =850 ##$$a NBPNMAT